000 00213nam a2200097Ia 4500
008 240331s9999 xx 000 0 und d
082 _bJEE
100 _aJeeva, D
245 0 _aDominic jeeva sirukathaikal
942 _cL
999 _c3749
_d3749